00529nam a22001337a 4500008004100000082001500041100003100056245013400087260004500221300000800266942001200274999001500286952009400301230619b xxu||||| |||| 00| 0 eng d a305.3bCOM cCommon Wealth Secretariant aCommonwealth Workshop on Gender & Democracy bA workshop in the deepening democracy seriescWindhoek, Namibia 9-11 february 2000 aNamibiabCommon Wealth Secretariatc2000 a24p 2ddccBK c1413d1413 00102ddc4070a002b002d2023-06-19l0o305.3 COMp10011257r2023-06-19w2023-06-19yBK